| 000 | 00353nam a22001217a 4500 | ||
|---|---|---|---|
| 008 | 230605b xxu||||| |||| 00| 0 eng d | ||
| 082 |
_a321.80520 _bJOD |
||
| 245 |
_aJournal of Democracy _bThe Anti- American Century |
||
| 260 |
_aBaltimore,US _bThe John Hopkins University Press _cApril,2004 |
||
| 300 | _a189p | ||
| 440 |
_n2 _v15 _x10455736 |
||
| 942 |
_2ddc _cBK |
||
| 999 |
_c258 _d258 |
||